[Event "Skopje op"]
[Site "Skopje"]
[Date "2008.04.19"]
[Round "4"]
[White "Stojanovski, Stefan"]
[Black "Kukov, Tode"]
[Result "0-1"]
[WhiteElo "1986"]
[BlackElo "2075"]
[PlyCount "172"]
[EventDate "2008.04.16"]
[EventType "swiss"]
[EventRounds "9"]
[EventCountry "MKD"]
[SourceTitle "EXT 2011"]
[Source "ChessBase"]
[SourceDate "2010.11.26"]
[SourceVersion "1"]
[SourceVersionDate "2010.11.26"]
[SourceQuality "1"]

1. e4 e5 2. Nf3 Nc6 3. Bb5 a6 4. Bxc6 dxc6 5. Nc3 f6 6. d4 exd4 7. Nxd4 c5 8. Nde2 Qxd1+ 9. Nxd1 Be6 10. Nf4 Bf7 11. Nc3 0-0-0 12. Be3 b6 13. 0-0 Bd6 14. Rad1 Ne7 15. Nfd5 Nxd5 16. Nxd5 Rhe8 17. f3 Bxd5 18. Rxd5 Bxh2+ 19. Kf2 Rxd5 20. exd5 Bg3+ 21. Kxg3 Rxe3 22. Kf2 Re5 23. c4 Kd7 24. Rh1 h6 25. Rd1 Kd6 26. Rd3 a5 27. a4 h5 28. b3 h4 29. Rd1 g5 30. Rd3 f5 31. Rd1 Re7 32. Rd2 g4 33. fxg4 fxg4 34. Rd3 Rf7+ 35. Ke2 Rf4 36. Re3 Rf6 37. Re4 Rg6 38. Re8 h3 39. Rh8 hxg2 40. Kf2 Rf6+ 41. Kxg2 Rf3 42. Rg8 Rxb3 43. Rxg4 Rb4 44. Re4 Rxa4 45. Kf2 Ra3 46. Ke2 a4 47. Kd2 Rb3 48. Kc2 Rb4 49. Kc3 a3 50. Re2 Ra4 51. Re6+ Kd7 52. Re1 a2 53. Ra1 Kd6 54. Kb3 Ra5 55. Kc3 Ke5 56. Re1+ Kf4 57. Ra1 Ke3 58. Re1+ Kf2 59. Ra1 Ke2 60. Kc2 Ra3 61. Kb2 Rd3 62. Kc2 Ke3 63. Rh1 a1Q 64. Rxa1 Kd4 65. Ra7 Rc3+ 66. Kb2 Rxc4 67. Rxc7 Kxd5 68. Kb3 Rb4+ 69. Kc3 Kd6 70. Rh7 Re4 71. Rh6+ Re6 72. Rh5 b5 73. Rh3 Kc6 74. Rg3 b4+ 75. Kc4 Re4+ 76. Kb3 Kb5 77. Rg5 Re3+ 78. Kb2 Kc4 79. Rg4+ Kd5 80. Rg8 b3 81. Rd8+ Kc4 82. Rc8 Re2+ 83. Kb1 Kb4 84. Rh8 c4 85. Rh4 Ka3 86. Rh1 c3 0-1

[Event "Belgrade Trophy 20th"]
[Site "Belgrade"]
[Date "2007.11.29"]
[Round "8"]
[White "Milutinovic, Dejan D"]
[Black "Stojanovski, Stefan"]
[Result "0-1"]
[WhiteElo "2108"]
[BlackElo "1980"]
[PlyCount "100"]
[EventDate "2007.11.22"]
[EventType "swiss"]
[EventRounds "9"]
[EventCountry "YUG"]
[SourceTitle "CBM 121 Extra"]
[Source "ChessBase"]
[SourceDate "2008.01.10"]
[SourceVersion "1"]
[SourceVersionDate "2008.01.10"]
[SourceQuality "1"]

1. d4 Nf6 2. Nf3 c5 3. c3 e6 4. Nbd2 d5 5. Qc2 Nc6 6. e3 Be7 7. Be2 0-0 8. 0-0 b6 9. Rd1 Qc7 10. a3 Bb7 11. Bd3 Rac8 12. Qa4 c4 13. Bb1 Na5 14. Qc2 Ne4 15. Nxe4 dxe4 16. Nd2 f5 17. Re1 Rf6 18. Qd1 Rh6 19. g3 g5 20. Bc2 Qd7 21. f3 Nb3 22. Bxb3 exf3 23. Nf1 cxb3 24. Qxb3 Qc6 25. d5 Qxd5 26. Qxd5 Bxd5 27. Bd2 Bc4 28. e4 Be2 29. exf5 exf5 30. Be3 Re6 31. Bf2 f4 32. Nd2 Rg6 33. Nxf3 Bxf3 34. Rxe7 a5 35. Bd4 Bd5 36. Rae1 f3 37. Rd7 Bc4 38. Ree7 g4 39. Kf2 Re6 40. Rg7+ Kf8 41. Rdf7+ Ke8 42. Be3 Rxe3 43. Kxe3 Bxf7 44. Rxg4 Bd5 45. Rg7 Rc6 46. Rg4 Re6+ 47. Kd3 Re2 48. c4 Be4+ 49. Kd4 f2 50. Rf4 Bg2 0-1

[Event "EU-ch U16"]
[Site "Herceg Novi"]
[Date "2005.09.22"]
[Round "8"]
[White "Pym, Thomas TW"]
[Black "Stojanovski, Stefan"]
[Result "1/2-1/2"]
[WhiteElo "2099"]
[BlackElo "2022"]
[PlyCount "91"]
[EventDate "2005.09.14"]
[EventType "swiss"]
[EventRounds "9"]
[EventCountry "YUG"]
[SourceTitle "CBM 108 Extra"]
[Source "ChessBase"]
[SourceDate "2005.11.04"]
[SourceVersion "1"]
[SourceVersionDate "2005.11.04"]
[SourceQuality "1"]

1. e4 e6 2. d4 d5 3. Nd2 Nf6 4. e5 Nfd7 5. Bd3 c5 6. c3 Nc6 7. Ngf3 Qb6 8. 0-0 cxd4 9. cxd4 Nxd4 10. Nxd4 Qxd4 11. Nf3 Qb6 12. Qa4 Qb4 13. Qc2 Nc5 14. Bd2 Qa4 15. Bxh7 Qxc2 16. Bxc2 Bd7 17. b4 Na4 18. Nd4 Nb6 19. f4 Nc4 20. Bc3 a5 21. a3 Ne3 22. Rf3 axb4 23. axb4 Rxa1+ 24. Bxa1 Nxc2 25. Nxc2 Ba4 26. Rc3 Kd7 27. f5 Bxc2 28. fxe6+ fxe6 29. Rxc2 Bxb4 30. Bd4 Rc8 31. Rxc8 Kxc8 32. Kf2 Kd7 33. g4 Kc6 34. h4 Kb5 35. h5 Kc4 36. Be3 Bf8 37. g5 d4 38. Bf4 b5 39. g6 Kd5 40. Bg5 Kxe5 41. Be7 Kf5 42. Bxf8 Kg5 43. Bxg7 Kxh5 44. Bxd4 Kxg6 45. Ke3 Kf5 46. Kd3 1/2-1/2

[Event "Vojvodina U16"]
[Site "Vojvodina"]
[Date "2005.06.??"]
[Round "4"]
[White "Vlashki, Nino"]
[Black "Stojanovski, Stefan"]
[Result "0-1"]
[WhiteElo "1862"]
[BlackElo "2022"]
[PlyCount "72"]
[EventDate "2005.??.??"]
[EventType "swiss"]
[EventRounds "9"]
[EventCountry "YUG"]
[SourceTitle "EXT 2006"]
[Source "ChessBase"]
[SourceDate "2005.11.24"]
[SourceVersion "1"]
[SourceVersionDate "2005.11.24"]
[SourceQuality "1"]

1. c4 Nf6 2. Nf3 g6 3. b3 Bg7 4. Bb2 0-0 5. Nc3 d6 6. d3 c5 7. g3 Nc6 8. Bg2 Bd7 9. 0-0 Qc8 10. Re1 Rb8 11. e3 Re8 12. Nd2 Ne5 13. Nde4 Nxe4 14. dxe4 a6 15. Nd5 Bg4 16. Qc2 Nf3+ 17. Bxf3 Bxf3 18. Bxg7 Kxg7 19. Qd3 Qg4 20. e5 Be4 21. Qd1 Qf5 22. exd6 exd6 23. f4 b5 24. Nc7 Red8 25. Nxa6 Rb6 26. cxb5 Rxb5 27. a4 Rb6 28. Nc7 Bc2 29. Qc1 Bxb3 30. Qc3+ Kg8 31. Rab1 Rdb8 32. a5 R6b7 33. Na6 Bd5 34. Rxb7 Rxb7 35. Qd2 Qe4 36. Kf1 Bc4+ 0-1